• 首页
  • 本馆介绍
  • 公告通知
  • 最新文献
  • 馆藏检索
  • 电子资源
  • 读者导购
  • 参考咨询
  • 我的图书馆
  • 登录
  • 详细信息显示
  • 放入我的书架
  • 预约/预借图书
  • 作者相关作品
  • 分类相关作品
  • 丛书相关作品
  • 出版社相关作品

书目信息

  • 表格格式
  • 工作单格式
  • 卡片格式
题名:
千里走单骑
    
 
作者: 张国良 著
分册:  
出版信息: 上海   上海文艺出版社  1984
页数: 363页
开本: 19cm
丛书名:
单 册:
中图分类: I239.87 , I239.8
科图分类:
主题词: 评话--中国--现代 , 戏剧文学--剧本--中国
电子资源:
ISBN:
000 00691nam0 2200265 45
001 0184008524
005 20040415102246.8
010    @dCNY1.10
091    @a8078.3475
100    @a19950612d1984 em y0chiy0121 ea
101 0  @achi
102    @aCN@b310000
105    @af z 000by
106    @ar
200 10 @a千里走单骑@Aqian li zou dan qi@f张国良著
210    @a上海@c上海文艺出版社@d1984
215    @a363页@c图@d19cm
606    @a评话@y中国@z现代
606 0  @a戏剧文学@x剧本@x中国
690    @aI239.87@v3
690    @aI239.8
701  0 @a张国良@Azhang guo liang@4著
801  0 @aCN@b上海图书馆@c20040415
801  2 @aCN@bNLC@c20040415
905    @f2@b110552-553@dI239.8@e38:1
    
    千里走单骑/张国良著.-上海:上海文艺出版社,1984
    363页:图;19cm
    
    
    ISBN :CNY1.10
    
●
相关链接 在E读中查询图书 在五车中查询图书 在当当中查询图书 在豆瓣中查询图书


正题名:千里走单骑     索取号:I239.8/38:1         预约/预借

序号 登录号 条形码 馆藏地/架位号 状态 备注
1 0110552   000962300   第二借阅区/ [索取号:I239.8/38:1] 在馆    
2 0110553   000962284   第二借阅区/ [索取号:I239.8/38:1] 在馆    
3 0110554   000962293   第一样本阅览室/ [索取号:I239.8/38:1] 在馆    
唐山师范学院图书馆 欢迎您!
大连网信软件有限公司© 版权所有